| 000 | 00669nam a2200193 i 4500 | ||
|---|---|---|---|
| 001 | 32425 | ||
| 003 | ES-MaACL | ||
| 005 | 20250828000902.0 | ||
| 007 | t| | ||
| 008 | 030131s1958 sp ||||1| spa d | ||
| 100 | 1 |
_aBenito Ruano, Eloy. _927689 |
|
| 245 | 1 | 0 |
_aDeudas y pagos del maestre de Santiago don Pelay Pérez Correa / _cEloy Benito Ruano. |
| 260 |
_a[Madrid] : _bConsejo Superior de Investigaciones Científicas, Instituto Jerónimo Zurita, _c[1958] |
||
| 300 |
_a17 p. ; _c25 cm. |
||
| 500 | _aEs separata de: Hispania, 1962, n. LXXXV. | ||
| 710 | 2 |
_aInstituto Jerónimo Zurita _95106 |
|
| 852 |
_aES-MaACL _j2053-F-33 _bR.61526 |
||
| 999 |
_c32425 _d32425 |
||